000
00333nam a22001457a 4500
008
150518b xxu||||| |||| 00| 0 eng d
020
_a
9780073533094
020
_a
0073533092
041
0
_a
eng
080
_a
003.07
100
1
_a
40
101
_a
MED
245
1
2
_a
A reader for college writers /
_c
Santi V. Buscemi.
942
_2
udc
_c
BK
999
_c
807
_d
807